书目信息 |
| 题名: |
从政之基
|
|
| 作者: | 张圣洁 , 李国靖 主编 | |
| 分册: | ||
| 出版信息: | 北京 东方出版社 2019.07 |
|
| 页数: | 249页 | |
| 开本: | 21cm | |
| 丛书名: | ||
| 单 册: | ||
| 中图分类: | D263.3 | |
| 科图分类: | ||
| 主题词: | ||
| 电子资源: | ||
| ISBN: | 978-7-5207-0789-3 | |
| 000 | 00997nam0 2200265 450 | |
| 001 | CAL 009667710 | |
| 005 | 20230217093111.0 | |
| 010 | @a978-7-5207-0789-3@dCNY32.80 | |
| 100 | @a20190816d2019 em y0chiy0120 ea | |
| 101 | 0 | @achi |
| 102 | @aCN@b110000 | |
| 105 | @ay z 000yy | |
| 106 | @ar | |
| 200 | 1 | @a从政之基@Acong zheng zhi ji@e修身@f张圣洁, 李国靖主编 |
| 210 | @a北京@c东方出版社@d2019.07 | |
| 215 | @a249页@d21cm | |
| 314 | @a张圣洁, 国际儒学联合会会员。李国靖, 现任河北省迁西县县委党校高级讲师。 | |
| 330 | @a本书通过对中华传统文化中经典语句的解读, 并结合党员干部的实际工作, 引导党员干部在实际工作中思考、运用传统文化知识, 加强理论学习和工作实践, 在深学、细照、笃行中不断增强政治定力。 | |
| 517 | 1 | @a修身@Axiu shen |
| 601 | 02 | @a中国共产党@Azhong guo gong chan dang@x党员@x修养@j学习参考资料 |
| 690 | @aD263.3@v5 | |
| 701 | 0 | @a张圣洁@Azhang sheng jie@4主编 |
| 701 | 0 | @a李国靖@Ali guo jing@4主编 |
| 801 | 0 | @aCN@bBJXHZP@c20230228 |
| 905 | @b1389654-8@dD263.3@e2016@f5 | |
| 从政之基:修身/张圣洁, 李国靖主编.-北京:东方出版社,2019.07 |
| 249页;21cm |
| ISBN 978-7-5207-0789-3:CNY32.80 |
| 本书通过对中华传统文化中经典语句的解读, 并结合党员干部的实际工作, 引导党员干部在实际工作中思考、运用传统文化知识, 加强理论学习和工作实践, 在深学、细照、笃行中不断增强政治定力。 |
| ● |
| 相关链接 |
|
|
|
|
正题名:从政之基
索取号:D263.3/2016
 
预约/预借
| 序号 | 登录号 | 条形码 | 馆藏地/架位号 | 状态 | 备注 |
| 1 | 1389654 | 213896541 | 第一样本阅览室/ [索取号:D263.3/2016] | 在馆 | |
| 2 | 1389655 | 213896550 | 第一借阅区/ [索取号:D263.3/2016] | 在馆 | |
| 3 | 1389656 | 213896569 | 第一借阅区/ [索取号:D263.3/2016] | 在馆 | |
| 4 | 1389657 | 213896578 | 第一借阅区/ [索取号:D263.3/2016] | 在馆 | |
| 5 | 1389658 | 213896587 | 第一借阅区/ [索取号:D263.3/2016] | 在馆 |